Asking questions in biology : (رقم التسجيلة. 21417)
[ عرض عادي ]
| 000 -الفاتح | |
|---|---|
| حقل البيانات ثابتة الطول | 01152cam a2200301 a 4500 |
| 001 - رقم الضبط | |
| رقم الضبط | 16710040 |
| 003 - محدد رقم الضبط | |
| رقم الضبط | OSt |
| 005 - وقت وتاريخ اخر تعامل مع التسجيلة | |
| رقم الضبط | 20150408114013.0 |
| 008 - عناصر البيانات ثابتة الطول - معلومات عامة | |
| حقل البيانات ثابتة الطول | 110328s2011 enka b 001 0 eng |
| 010 ## - رقم ضبط مكتبة الكونجرس | |
| رقم ضبط مكتبة الكونجرس | 2011008299 |
| 020 ## - الرقم الدولى المعيارى للكتب | |
| الرقم الدولى المعيارى للكتاب | 9780273734680 (pbk. : alk. paper) |
| 040 ## - مصدر الفهرسة | |
| وكالة الفهرسة الأصلية | DLC |
| وكالة النسخ | DLC |
| وكالة التعديل | DLC |
| 042 ## - رمز التحقق | |
| رمز التحقق | pcc |
| 050 00 - رقم طلب مكتبة الكونجرس | |
| رقم التصنيف | Q175 |
| رقم المادة | .B218 2011 |
| 082 00 - رقم تصنيف ديوى العشرى | |
| رقم التصنيف | 570.72 |
| رقم الطبعة | 22 |
| 100 1# - المدخل الرئيسى - إسم شخصى | |
| الإسم الشخصى | Barnard, C. J. |
| الشكل الأكمل للاسم | (Christopher J.) |
| 9 (RLIN) | 10585 |
| 245 10 - بيان العنوان | |
| العنوان | Asking questions in biology : |
| بقية العنوان | a guide to hypothesis testing, experimental design and presentation in practical work and research projects / |
| بيان المسئوليه,etc | Chris Barnard, Francis Gilbert, and Peter McGregor. |
| 250 ## - بيان الطبعة | |
| بيان الطبعة | 4th ed. |
| 260 ## - PUBLICATION, DISTRIBUTION, ETC. (IMPRINT) | |
| مكان الناشر او الموزع | Harlow, England |
| -- | New York : |
| اسم الناشر او الموزع | Pearson, |
| تاريخ النشر أو التوزيع | 2011. |
| 300 ## - الوصف المادى | |
| التعداد | x, 248 p. : |
| تفاصيل ماديه اخرى للوعاء | ill. ; |
| أبعاد الوعاء | 25 cm. |
| 504 ## - تبصرة ببليوجرافية | |
| تبصرة ببليوجرافية,الخ | Includes bibliographical references and index. |
| 650 #0 - المدخل الاضافى بالموضوع-مصطلح موضوعى | |
| مصطلح موضوعي أو اسم جغرافي كعنصر مدخل | Science |
| التقسيم الفرعي العام | Methodology. |
| 9 (RLIN) | 10586 |
| 650 #0 - المدخل الاضافى بالموضوع-مصطلح موضوعى | |
| مصطلح موضوعي أو اسم جغرافي كعنصر مدخل | Biology |
| التقسيم الفرعي العام | Methodology. |
| 9 (RLIN) | 10587 |
| 700 1# - المدخل الاضافى - اسم شخصى | |
| الإسم الشخصى | Gilbert, Francis S. |
| الشكل الأكمل للاسم | (Francis Sylvest), |
| التواريخ المصاحبة للاسم | 1956- |
| 9 (RLIN) | 10588 |
| 700 1# - المدخل الاضافى - اسم شخصى | |
| الإسم الشخصى | McGregor, Peter K. |
| 9 (RLIN) | 10589 |
| 942 ## - عناصر المدخل الإضافي( كوها) | |
| مصدر التصنيف او مخطط الترفيف | Dewey Decimal Classification |
| Koha [default] item type | كتاب |
| حالة الفقد | نموذج السعر الفعال | حالة تلف | ليس للاعارة | رقم الطلب | تاريخ الاكتساب | الموقع الحالي | الباركود | الفرع الرئيسي | Date last seen | نوع المادة فى نظام كوها | مصدر التصنيف او خطة الترفيف | Total Checkouts |
|---|---|---|---|---|---|---|---|---|---|---|---|---|
| 2013-03-10 | 570.72 B C A | 2012-04-10 | مكتبة مجمع الطالبات بالمجمعة (EMF) | 00076254 | مكتبة مجمع الطالبات بالمجمعة (EMF) | 2013-03-10 | كتاب | Dewey Decimal Classification | ||||
| 2013-03-10 | 570.72 B C A | 2012-04-10 | مكتبة مجمع الطالبات بالمجمعة (EMF) | 00076253 | مكتبة مجمع الطالبات بالمجمعة (EMF) | 2013-03-10 | كتاب | Dewey Decimal Classification |
